000 01406na a2200337 4500
001 17247
003 MIRAKIL
005 20181213154934.0
008 161023b tu 000 0
035 _a17247
040 _aMilas
_btur
_cTR-AnCHP
041 _atur
082 _aCHP 324.2172 MYK
_bC36c 1994-1996
090 _aCHP 324.2172 MYK C36c 1994-1996
110 _aCHP Merkez Yönetim Kurulu
240 _a1994-1996 Merkez Yönetim kurulu raporları
245 _aCHP Parti Meclisine sunulan MYK raporu
_b11 Nisan 1994- 23 Haziran 1996
_cCHP Merkez Yönetim Kurulu
246 _aCHP Merkez Yönetim Kurulu raporu
260 _aAnkara
_bCHP
_c1994-1996
300 _ayklş. 40 s.
_c30 sm.
490 _aCumhuriyet Halk Partisi Merkez Yönetim Kurulu yayınları
500 _aYerel numaradaki sayılar, raporların sunulduğu ayları temsil eder : Ocak -1 ; Şubat - 2 ; Mart - 3 ; Nisan - 4 ; Mayıs - 5; Haziran - 6 ; Temmuz - 7; Ağustos - 8; Eylül - 9; Ekim - 10; Kasım - 11 ; Aralık - 12.
500 _a"MYK Raporu ve ekleri"
505 _a11 Nisan 1994 -- 29 Haziran 1995 -- 11 Ocak 1996 -- 23 Haziran 1996
610 _aCumhuriyet Halk Partisi Merkez Yönetim Kurulu (CHP MYK)
_xRaporlar
655 _aRapor
710 _aCumhuriyet Halk Partisi (CHP)
_bMerkez Yönetim Kurulu (MYK)
_d11 Nisan 1994
830 _aCHP yayınları
942 _2ddc
_cBKS
999 _c3508
_d3508